000 00852nam a2200205Ia 4500
001 22936
003 GE_BSU
008 181216s||||||||xx |||||||||||||| ||und||
040 _cGE_BSU
245 _aსვეტიცხოველი. სამეცნიერო საისტორიო ჟურნალი. №2. 2013
245 _cმთ. რედ. ა. ჯაფარიძე
260 _aთბილისი
260 _bტექნიკური უნივერსიტეტი
260 _c2013
300 _a231 გვ. 30 სმ. ილ.
653 _aპერიოდიკა
653 _aრელიგია. ქრისტიანობა
653 _aსვეტიცხოველი. სამეცნიერო საისტორიო ჟურნალი. №2. 2013
942 _cCR
999 _c55839
_d55839